Statistiques concernant Plus grande région par pays

Cliquez ici pour prendre le quiz!

Statistiques générales

  • Ce quiz a été pris 212 fois
  • Le résultat moyen est 6 sur 12

Statistiques - réponses

PaysStatutSuperficiePlus grande région% Correct
Etats-UnisÉtat1 716 854 km²Alaska
77%
AllemagneLand70 552 km²Bavière
77%
FranceRégion84 061 km²Nouvelle-Aquitaine
76%
Royaume-UniNation130 395 km²Angleterre
72%
EspagneCommunauté autonome87 268 km²Andalousie
61%
ItalieRégion25 711 km²Sicile
58%
CanadaTerritoire2 093 190 km²Nunavut
49%
BrésilÉtat1 570 746 km²Amazonas
47%
MexiqueÉtat247 455 km²Chihuahua
31%
SuisseCanton7 105 km²Grisons
30%
BelgiqueProvince4 440 km²Luxembourg
30%
AustralieÉtat2 645 625 km²Australie-Occidentale
26%

Distribution des résultats

Percentile par nombre de réponses

% des personnes avec chaque résultat

Votre développement - résultats

Vous n’avez pas pris ce quiz